The official guide for GMAT review 2016 / (Record no. 22563)
[ view plain ]
| 000 -LEADER | |
|---|---|
| fixed length control field | 00742cam a22002295a 4500 |
| 001 - CONTROL NUMBER | |
| control field | 017183110 |
| 003 - CONTROL NUMBER IDENTIFIER | |
| control field | OSt |
| 005 - DATE AND TIME OF LATEST TRANSACTION | |
| control field | 20161013125240.0 |
| 008 - FIXED-LENGTH DATA ELEMENTS--GENERAL INFORMATION | |
| fixed length control field | 150401t2015 njua fr 000 0 eng d |
| 020 ## - INTERNATIONAL STANDARD BOOK NUMBER | |
| International Standard Book Number | 9781119042488 |
| 040 ## - CATALOGING SOURCE | |
| Original cataloging agency | StDuBDS |
| Language of cataloging | eng |
| Transcribing agency | StDuBDS |
| Modifying agency | EG-ScBUE |
| 082 04 - DEWEY DECIMAL CLASSIFICATION NUMBER | |
| Classification number | 650.076 |
| Edition number | 22 |
| Item number | OFF |
| 245 04 - TITLE STATEMENT | |
| Title | The official guide for GMAT review 2016 / |
| Statement of responsibility, etc | Graduate Management Admission Council (GMAC). |
| 260 ## - PUBLICATION, DISTRIBUTION, ETC. (IMPRINT) | |
| Place of publication, distribution, etc | Hoboken : |
| Name of publisher, distributor, etc | John Wiley & Sons, |
| Date of publication, distribution, etc | c.2015. |
| 300 ## - PHYSICAL DESCRIPTION | |
| Extent | 836 p. : |
| Other physical details | ill. ; |
| Dimensions | 28 cm. |
| 500 ## - GENERAL NOTE | |
| General note | Includes Internet access. |
| 650 #7 - SUBJECT ADDED ENTRY--TOPICAL TERM | |
| Topical term or geographic name as entry element | Graduate Management Admission Test |
| Form subdivision | Study guides. |
| Source of heading or term | BUEsh |
| 9 (RLIN) | 25992 |
| 651 ## - SUBJECT ADDED ENTRY--GEOGRAPHIC NAME | |
| Source of heading or term | BUEsh |
| 653 ## - INDEX TERM--UNCONTROLLED | |
| Resource For college | BAEPS, Economics |
| Arrived date list | October2016 |
| 710 2# - ADDED ENTRY--CORPORATE NAME | |
| Corporate name or jurisdiction name as entry element | Graduate Management Admission Council, |
| 942 ## - ADDED ENTRY ELEMENTS (KOHA) | |
| Source of classification or shelving scheme | Dewey Decimal Classification |
| Withdrawn status | Item status | Source of classification or shelving scheme | Damaged status | Not for loan | Vendor | Home library | Current library | Shelving location | Date acquired | Source of acquisition | Cost, normal purchase price | Serial Enumeration / chronology | Total Checkouts | Total Renewals | Full call number | Barcode | Date last seen | Date last borrowed | Cost, replacement price | Koha item type |
|---|---|---|---|---|---|---|---|---|---|---|---|---|---|---|---|---|---|---|---|---|
| Dewey Decimal Classification | Academic Bookshop | Central Library | Central Library | First floor | 13/10/2016 | Purchase | 325.00 | 9132 | 7 | 30 | 650.076 OFF | 000034083 | 15/07/2025 | 19/09/2021 | 406.25 | Book - Borrowing |